00507nam a2200145Ia 4500008004100000100003000041245009400071245005900165260005900224260000900283300001000292650001800302650001500320856002600335170221s9999 xx 000 0 und d aMamghani, Nasser Kolaini. aDesigning an Educational Aid Tool to Learning Waste Separation for 5-7 Years Old Children cNasser Kolaini Mamghani, Sara Mostowfi, Mehdi Khorram. bOnline Journal of Communication and Media Technologies c2015 a8 : 1 xCommunication xMedia Arts uhttp://www.ojcmt.net/